LDR 00686naa#a2200169#i#450# 001 EN\\bibl\98257 005 20260704162216.6 011 ## _a2542-1840 100 ## _a20260630b2026####ek#y0engy0150####ca 102 ## _aRU 200 1# _aFostering Patriotism in Cadets at Russian Ministry of Internal Affairs Education Institutions: Educational Potential of Intellectual Games _eJournal article 210 1# _aKemerovo _cKemerovo State University _d2026 215 ## _a8 с. 608 ## _aJournal article _2local 675 ## _aНародное образование. Воспитание. Обучение. Организация досуга. 37 _z 700 #1 _aKipreev _gSergey Nikolaevich 856 4# _amoloprom.kemsu.ru _u